000 00435nam a2200181Ia 4500
001 1197
005 20260306140614.0
008 260306t2011||||xx |||||||||||||| ||spa||
041 _aESP
082 _a189
_bM26
100 _aMartínez Lorca, Andrés
_eAUT
245 0 _aIntroducción a la filosofía medieval
260 _c2011
300 _a243 páginas :
_c24 cm.
650 _aGEN
654 _aCHU
942 _cLIB
_dJUS
_fJUS
_2ddc
_n
999 _c1197
_d1197